[Event "FIDE-Wch k.o."]
[Site "Las Vegas"]
[Date "1999.08.01"]
[Round "1.2"]
[White "Kudrin, Sergey"]
[Black "Sokolov, Ivan"]
[Result "1/2-1/2"]
[WhiteElo "2525"]
[BlackElo "2656"]
[Annotator "Lukacs,P"]
[PlyCount "59"]
[EventDate "1999.07.31"]
[EventType "k.o."]
[EventRounds "7"]
[EventCountry "USA"]
[SourceTitle "CBM 072"]
[Source "ChessBase"]
[SourceDate "1999.10.01"]
[SourceVersion "1"]
[SourceVersionDate "1999.10.01"]
[SourceQuality "1"]

1. e4 e5 2. Bc4 Nf6 3. d3 c6 4. Nf3 Be7 (4... d5 {Adams-Shirov, Sarajevo 1999
CBM 71}) 5. O-O d6 (5... Qc7 $5 {/\ d5} 6. Re1 (6. a4 $143 {allows the freeing
move} d5 7. exd5 {In the Bishop Opening White usually gives up the [+] in
order to put pressure on d5 and e5. Here Black is well-prepared against this
strategy.} cxd5 8. Bb3 Nc6 9. Nc3 Be6 10. Re1 a6 {against Nb5} 11. Bg5 Rd8 12.
Bh4 {/\ Bg3} O-O 13. Bg3 Bd6 {and all the central squares are heavily
protected.} 14. h3 d4 $15 {Tseshkovsky-Yusupov, Moscow 1981}) 6... O-O 7. Nbd2
{Now White has no more pressure on d5 by Bg5.} d5 8. Bb3 Nbd7 9. exd5 cxd5 10.
c4 d4 $1 {If White doesn't accept the P sacrifice, than this is a Benoni type
of position, where the B is not well-placed on b3 instead of the long /^.} 11.
Nxd4 (11. Nf1 Bb4 $1 {and already Black's position has to be preferred.}) 11...
Nc5 12. Nb5 Qd8 13. Rxe5 Nxd3 14. Re2 Bc5 $1 {Black has a strong pressure for
the P.} ({weaker is} 14... Bg4 15. Nf3 Bxf3 16. gxf3 Nh5 {because of} 17. Rxe7
$1 $18 {B.Larsen-Yusupov, Linares 1983}) 15. Nf3 Ng4 {>< f2} 16. Be3 Nxe3 17.
fxe3 Nf4 18. Re1 Nd3 $11 {with perpetual ->, B.Larsen.}) 6. a4 (6. h3 O-O 7.
Re1 Nbd7 8. a4 a5 9. Nc3 {Now we are in the Italian Game, where White has no
real advantage.} Nc5 $11 {/\ Be6}) (6. Re1 O-O 7. Nbd2 Nbd7 8. a3 {White wants
to play as flexible, as possible.} (8. a4 {is more common.}) 8... Re8 $11 {
Black is not afraid of Ng5.} (8... h6 $6 {is overcautious:} 9. Ba2 Re8 10. Nf1
Nf8 (10... Bf8 {is a typical Ruy Lopez move here.}) 11. Ng3 Be6 12. Bxe6 Nxe6
13. d4 $14 {grabbing the |^ in the [+], Larsen-Torre, Brussels 1987.})) (6. Bb3
O-O 7. Re1 (7. c3 Bg4 $5 {Gelfand-Yusupov, Munich SKA 1994 CBM 42} (7... Nbd7
8. Nbd2 d5 9. Re1 Qc7 {- 7.Re1})) 7... Qc7 8. c3 Nbd7 9. Nbd2 (9. d4 b5 $1 {
Now the position resembles to the Ruy Lopez Breyer line!} 10. Nbd2 a5 11. a3 (
11. Nf1 a4 12. Bc2 Re8 13. Ng3 Nb6 14. h3 g6 {This is now similar to the Ruy
Lopez Keres line 9...a5.} 15. Bd3 Bd7 16. Bg5 a3 17. b3 c5 18. Bf1 c4 19. b4
Kg7 20. Be3 Bf8 21. Qd2 Kg8 22. Rad1 Bg7 $11 {R.Mainka-Mikhalchishin,
Sparkasse GM 1998}) 11... c5 12. Nf1 Bb7 13. Ng3 Rfe8 14. h3 Bf8 15. d5 c4 16.
Bc2 Nc5 {Again this is a typical Ruy Lopez Breyer!} 17. Be3 Bc8 18. Nd2 Rb8 19.
Qf3 Bd7 20. Reb1 Rec8 21. Nf5 Kh8 22. Bg5 Ng8 $13 {and the active white pieces
will be soon forced to retreat, J.Grigorov-Makarichev, Capella la Grande op
1993.}) 9... b5 10. Nf1 Nc5 (10... Nb6 11. Ng3 a5 12. Bc2 Re8 13. h3 c5 14. d4
h6 15. dxe5 {This cannot give any advantage for White, he has to keep the
pressure in the [+], or close it by d5.} dxe5 16. Nh4 Nc4 17. Nhf5 Nd6 18. Qe2
Be6 19. Be3 Nc4 $11 {Zhelnin-M.Sorokin, Pardubice op 1992}) 11. Bc2 a5 $11)
6... O-O 7. Re1 Qc7 8. Nbd2 Nbd7 9. Nf1 (9. Ba2 d5 10. exd5 cxd5 11. c4 $13 {
is now better than in the above-mentioned Larsen game.}) 9... d5 $1 {This is
Black's main idea here.} 10. exd5 (10. Bb3 $2 dxe4 11. dxe4 Nc5 {and the B
cannot be saved.}) ({Also on} 10. Ba2 dxe4 11. dxe4 Nc5 {comes into
consideration.}) 10... cxd5 11. Ba2 e4 $1 {Now Black grabs the |^ in the [+].}
12. dxe4 dxe4 13. Ng5 (13. Nd4 Nc5 14. Ng3 (14. Nb5 Qe5) 14... Rd8 {with a
nasty pin on the d <->.} ({and certainly not} 14... Nxa4 $6 {in view of} 15.
Bxf7+)) 13... Nc5 14. Be3 ({White has to play carefully. In case of} 14. Ng3 $2
Bg4 {Black has a good game.}) 14... h6 $1 {This is a nice temporary P
sacrifice in order to activate the pieces and get the ^^.} 15. Bxc5 Bxc5 16.
Nxe4 Nxe4 17. Rxe4 Bf5 {In an opened position the ^^ is very dangerous.} 18.
Re1 (18. Re2 $4 {loses to} Bg4) 18... Qb6 $1 $44 (18... Qf4 19. Ne3) (18...
Rad8 19. Qe2) 19. Ne3 Bxe3 20. Rxe3 Qxb2 {Now Black has regained the material,
but White can still keep the position.} 21. Rb3 $1 (21. Bb3 {is a passive
defence, and after} Rad8 {Black has some play against the weak << pawns.})
21... Qxc2 22. Rxb7 a5 $11 23. Bb3 Qc8 (23... Qxd1+ $2 24. Rxd1 Bg6 (24... Rab8
$2 25. Bxf7+ $18) 25. Rdd7 $14 {gives White an absolute control over the
seventh rank.}) 24. Bd5 Be6 25. Rc1 Qe8 26. Bxe6 (26. Bc6 Qd8) 26... Qxe6 27.
h3 Rad8 28. Qc2 Rd5 29. Rc7 Rfd8 30. Rc8 1/2-1/2

[Event "Petrov Memorial op"]
[Site "St Petersburg"]
[Date "2000.02.15"]
[Round "8"]
[White "Beshukov, Sergei"]
[Black "Bezgodov, Alexei"]
[Result "1-0"]
[WhiteElo "2460"]
[BlackElo "2576"]
[Annotator "Lukacs,P"]
[PlyCount "63"]
[EventDate "2000.02.05"]
[EventType "swiss"]
[EventRounds "9"]
[EventCountry "RUS"]
[SourceTitle "CBM 076"]
[Source "ChessBase"]
[SourceDate "2000.05.31"]
[SourceVersion "1"]
[SourceVersionDate "2000.05.31"]
[SourceQuality "1"]

1. e4 e5 2. Bc4 Nf6 3. d3 c6 4. Nf3 d5 5. Bb3 Bd6 (5... Bb4+ 6. c3 Bd6 {
is the other main line to take away the c3 square from the N.}) 6. Nc3 O-O {
If Black can keep his central pawns, he is fine. White attacks with maximum of
his pieces the [+].} 7. exd5 cxd5 8. Bg5 d4 {Now Black can keep his [+], but
the white pieces are rather active.} 9. Ne4 (9. Nd5 Qa5+ 10. Bd2 Qd8 11. Bg5
Qa5+ $11 {leads to only repetition of moves.}) (9. Bxf6 Qxf6 10. Ne4 {White
wants to occupy the light squares.} Qg6 11. Nxd6 (11. O-O Bc7 {/\ Kh8 f5})
11... Qxd6 12. O-O Bg4 13. h3 Bh5 14. Re1 Nd7 $11 {and Black has everything in
order, his [+] is intact.}) 9... Bb4+ 10. Ned2 h6 11. Bh4 g5 $5 {This creates
serious weaknesses on the >>. It is possible to hold the [+] without giving up
squares.} (11... Bg4 $1 {was the natural reply.} 12. h3 (12. O-O Bxd2 13. Qxd2
Bxf3 14. gxf3 Nc6 {and White has a strong ^^, but his structure is ugly.}) (12.
a3 Bxd2+ (12... Bxf3 13. Qxf3 (13. gxf3 Bxd2+ 14. Qxd2 Nbd7 15. Rg1 Kh8 16.
O-O-O Nc5 17. Bc4 Qd6 18. Bg3 (18. Rde1 Nh5) 18... Nh5 {blockading the vital
>< f4 square.}) 13... Bxd2+ 14. Kxd2 Nbd7 $13) 13. Qxd2 Nbd7 (13... Bxf3 {
- 12..Bf3}) 14. O-O-O Nc5 15. Ba2 Qd6 $13 {with active black pieces.}) 12...
Bxf3 13. Qxf3 Bxd2+ 14. Kxd2 Nbd7 (14... g5 $6 15. Qxb7 Nbd7 16. Bg3 a5 $44)
15. Rae1 (15. Qxb7 {is a risky business with a K in the middle.} Nc5 16. Qf3 e4
17. Qf4 (17. Bxf6 $4 {loses to the zwischenzug} Qa5+ $19) 17... Qa5+ $132)
15... Qc7 $13 {and although White has the ^^ in an open position, his K is not
safe.}) 12. Bg3 (12. Nxg5 $6 {is overoptimistic:} hxg5 13. Bxg5 Qd6 $17) 12...
Bg4 (12... e4 13. dxe4 Nxe4 14. O-O Nxg3 15. hxg3 (15. fxg3 $5) 15... Bg4 16.
a3 $14 {and the weaknesses in the Black camp begin to tell.}) 13. a3 Ba5 {
Black has to keep the tension.} (13... Bxd2+ 14. Qxd2 Bxf3 (14... Nbd7 15. h4)
15. gxf3 Nh5 16. h4 $16 {and Black cannot blockade the position.}) 14. Qe2 {
/\ 0-0-0} (14. h4 $2 {now is strongly met by the counterattack in the [+].} e4
$1 15. dxe4 (15. hxg5 exf3 16. gxf6 Re8+ $19) 15... Nxe4 $19) 14... Nc6 (14...
e4 $2 {is again a blow into the air.} 15. dxe4 Bxd2+ 16. Kxd2 Nbd7 17. e5 {
and the N must leave the [+].}) 15. O-O-O Re8 16. h4 $1 {The signal for the ->.
} Kg7 (16... Bxd2+ 17. Qxd2 {The Q must leave the pin.} (17. Rxd2 $2 e4 18.
dxe4 Nxe4 19. Qd3 Bf5 $17) 17... e4 (17... Bxf3 18. gxf3 $16) 18. hxg5 e3 19.
fxe3 dxe3 20. Qc3 Bxf3 (20... hxg5 21. Bc7 $1 (21. Nxg5 Nd4) 21... Qe7 22. Nxg5
$18 {with a devastating -> for White.}) 21. gxf3 Nd4 (21... hxg5 22. Qc4 $1 (
22. Bc7 Nd4 $1) (22. Qc5 Qa5) 22... Re7 23. Rdg1 $16 {and the rooks are on the
opened lines threatening directly the K.}) 22. Qc4 Nxb3+ 23. Qxb3 hxg5 24. Rh8+
$1 $18 {is a nice finish!}) 17. hxg5 hxg5 18. Rh2 {/\ Rdh1} Nd5 $2 {This
founders on White's forceful blows.} (18... Qe7 {was the last chance to defend
neutralizing White's growing pressure on the h <->.} 19. Rdh1 Rh8 20. Bxe5
Bxd2+ 21. Kxd2 Bxf3 22. Bxf6+ Qxf6 23. Qxf3 Qxf3 24. gxf3 Rxh2 25. Rxh2 Re8 $16
{at least avoiding the mating threats seeking relief in an _|_.}) 19. Rdh1 Bf5
{[#]} 20. Nxg5 $1 $18 Qxg5 (20... Bg6 {is met by the energetic} 21. Rh7+ $1
Bxh7 22. Rxh7+ Kg8 23. Qh5 $18) 21. Bxd5 Rad8 $2 {This helps only for White to
execute his plan.} (21... Bg6 22. b4 Bc7 23. Kb2 $18) 22. Bxc6 bxc6 23. b4 e4 (
23... Bb6 24. Bh4 Qg6 25. Bxd8 Bxd8 26. g4 $1 Bxg4 27. Rh7+ Kf8 28. f3 Bf5 29.
Rh8+ $18 {wins material.}) 24. Rh5 (24. dxe4 {was good enough as well.} Rxe4 (
24... Bxe4 25. Rh5 $18) 25. Qh5 $18) 24... Qg6 25. Rh7+ Kf8 (25... Qxh7 26.
Rxh7+ Bxh7 27. bxa5 exd3 28. Qg4+ $18) 26. Rh8+ Ke7 27. Rxe8+ Rxe8 28. bxa5 e3
29. Nc4 c5 30. Qf3 Bxd3 31. Ne5 $1 Qe6 32. Nxd3 1-0

[Event "Hastings 00 75th"]
[Site "Hastings"]
[Date "2000.01.10"]
[Round "7"]
[White "Emms, John M"]
[Black "Sokolov, Ivan"]
[Result "1-0"]
[WhiteElo "2546"]
[BlackElo "2637"]
[Annotator "Lukacs,P"]
[PlyCount "121"]
[EventDate "2000.01.04"]
[EventType "tourn"]
[EventRounds "9"]
[EventCountry "ENG"]
[EventCategory "13"]
[SourceTitle "CBM 075"]
[Source "ChessBase"]
[SourceDate "2000.04.05"]
[SourceVersion "1"]
[SourceVersionDate "2000.04.05"]
[SourceQuality "1"]

1. e4 e5 2. Bc4 Nf6 3. d3 c6 4. Nf3 Be7 (4... d5 5. Bb3 Bb4+ {is the main line
with good chances for an equal game.}) 5. O-O b5 $5 {This advance on the << is
a new strategy.} (5... Qc7 {/\ 0-0}) 6. Bb3 d6 7. c3 a5 $5 {Black has time
gaining space on the <<, because White has no immediate threats in the [+].} 8.
Nbd2 {This allows Black to continue his plan getting some space advantage on
the <<.} (8. a4 $5 {seems the best strategy here to stop Black's march on the
<< and create some weaknesses there.} b4 9. Re1 O-O 10. d4 Nbd7 11. Nbd2 $14)
8... a4 (8... Nbd7 {is again met by} 9. a4 $1 b4 (9... Nc5 10. Bc2 Nxa4 (10...
b4 11. d4 $14) 11. Bxa4 bxa4 12. Qxa4 $14 {with a corrupted P structure on the
<<.}) 10. d4 O-O 11. Re1 $14 {>< c4}) 9. Bc2 O-O 10. d4 Nbd7 {Now the position
resembles to the Ruy Lopez Breyer and the 9...a5 Keres lines.} 11. Re1 Re8 12.
Nf1 Bf8 13. Ng3 Qc7 {Perhaps it is a bit early to decide which is the queen's
best place.} (13... Bb7 $13) 14. h3 g6 15. Be3 (15. Bg5 $5 {wants to provoke
some weaknesses or gain control over the /^ c1-h6.} h6 (15... Bg7 16. Qd2 Nb6
17. b3) 16. Be3 Nb6 17. b3 axb3 18. axb3 Rxa1 19. Qxa1 Bd7 $11 {because the
exchanges on the a <-> help only for Black.}) 15... Bg7 (15... Bb7) 16. Qd2 Nf8
{The N is usually not nice here in the Ruy Lopez.} (16... Nb6 17. b3 c5 $13 (
17... Bd7 18. dxe5 dxe5 19. Bc5 $14)) 17. Bd3 Ne6 18. Rac1 (18. Bh6 $6 {
exchanges the strategically bad B, this is only useful when a quick >> -> may
follow.} Bxh6 19. Qxh6 Nf4 $132) (18. d5 Nc5 $1 19. dxc6 (19. Bxc5 {gives up
the excellent dark-squared B.} dxc5 20. c4 cxd5 21. cxd5 c4 22. Bc2 Qd6 $13 {
and the B may become strong on the /^ a3-f8.}) 19... Qxc6 (19... Nxd3 $2 {
loses material after} 20. Qxd3 Qxc6 21. Rad1 Bb7 22. Qxd6 Qxd6 23. Rxd6 Nxe4
24. Rb6 $1) 20. Bg5 Nxd3 21. Qxd3 Bb7 22. Rad1 Rad8 $13) 18... Bd7 (18... Bb7
$6 19. dxe5 $142 $1 (19. Bh6 {is again a strategical error.} Bxh6 20. Qxh6 Nf4
$132) (19. c4 $6 {activates the black pieces as well.} bxc4 20. Bxc4 (20. Rxc4
exd4 21. Nxd4 Nc5 {>< e4}) 20... exd4 21. Nxd4 (21. Bxd4 Nxd4 22. Nxd4 Qb6 23.
Rcd1 d5 {and Black's counteroffensive in the [+] is effective.}) 21... Nc5 22.
f3 d5 $1 {ruining White's [+].}) 19... dxe5 20. c4 {Black has now problems
with his >< b5.} bxc4 (20... Rad8 $2 {is a counterattack, which fails after}
21. cxb5 Nf4 22. Nxe5 Nxg2 23. Kxg2 Qxe5 24. bxc6 Ba6 25. Bxa6 $1 $16) 21. Bxc4
Red8 22. Qc3 $16 {with vulnerable weaknesses on the c <->.}) 19. c4 (19. dxe5
dxe5 20. c4 {is now met by the cold-blooded} Qb8 {defending all the weaknesses.
}) 19... exd4 20. Nxd4 bxc4 (20... Nxd4 21. Bxd4 b4 22. c5 $1 $14 {with
weaknesses on the <<.}) 21. Nxe6 (21. Rxc4 {is met by} d5) (21. Bxc4 {is
answered by} Nc5 $1) 21... Bxe6 ({The active} 21... Rxe6 $5 {deserves
attention here.} 22. Bxc4 (22. Rxc4 {allows the typical freeing move} d5 $1 23.
exd5 (23. Bf4 Qa7 $11) 23... Nxd5 24. Bd4 Rxe1+ 25. Qxe1 Nb6 26. Bxb6 Qxb6 {^^}
) 22... Nxe4 23. Qc2 Nxg3 24. Bxe6 Bxe6 25. fxg3 Bxa2 26. Qxc6 Qxc6 27. Rxc6
Bxb2 28. Rxd6 a3 29. Bd4 Bxd4+ 30. Rxd4 Be6 $11 {because the strong remote o^
will save the day.}) 22. Bxc4 Qd7 (22... Bxc4 23. Rxc4 Qd7 24. Rec1 {puts some
pressure on the weaknesses of the <<.}) 23. Bh6 Bh8 $5 ({The simple} 23... Bxh6
24. Qxh6 Bxc4 25. Rxc4 d5 {was working as well.} 26. Rd1 (26. e5 Rxe5 $1 27.
Rxe5 dxc4 28. Nf5 Nh5) 26... Re6) 24. Bxe6 Rxe6 25. Qc2 (25. Bf4 Rae8 (25... d5
$6 26. e5) 26. Rc4 Nd5 27. Rxa4 Nxf4 28. Qxf4 Bxb2 $15) 25... c5 ({or again} 
25... d5) 26. Re2 (26. Red1 Qb7 27. f3 Nd7 {with some pressure on >< b2.})
26... Rae8 27. Rce1 (27. Bg5) 27... Qb5 (27... Qc6) 28. b3 (28. Bg5 c4 29. Bxf6
Bxf6 {and the B is rather strong on the long /^.}) 28... axb3 29. axb3 Nd7 30.
Rd2 Nb8 31. Bf4 Bd4 32. Rb1 Nc6 $15 {Black has a strong centralization of
pieces.} 33. Qc4 Qb6 34. Kh2 Rf6 35. Be3 Bxe3 36. fxe3 {Now both sides' P
structure is corrupted.} Ne5 37. Qc3 Rb8 38. Ne2 Qb7 (38... Qb4 39. Qxb4 Rxb4
40. Nc3 Re6 41. Nd5 $1 Rxe4 42. Nc7 Re7 43. Nd5 $11 {with perpetual attack.})
39. Qc2 Nc6 40. Nc3 Nb4 41. Qb2 Qe7 42. Kg1 (42. Nd5 $6 Nxd5 43. exd5 Rf5 $17 {
leaves P weaknesses only in White's camp.}) 42... Re6 43. Rf1 Qg5 44. Rf3 Qe5
45. Rd1 Ra8 (45... Na2 $5 46. Qxa2 Qxc3 47. Qa7 Rf8 48. Qb7 Qc2 49. Qd5 $15)
46. Rf2 Ra6 47. Qd2 Re7 48. Rf4 Kg7 49. Kh1 h5 50. Kg1 Rea7 51. Rdf1 Kg8 52.
Rf6 {[#]} Ra1 $2 {Black is pushing too hard. This simply blunders a P.} 53.
Rxf7 $1 Rxf7 (53... Rxf1+ 54. Rxf1 Ra8 (54... Rf7 $2 55. Rxf7 Kxf7 56. Nb5 $1
$16) 55. Rd1 Ra6 56. Nb5 Qg5 57. Nc3 (57. Nxd6 $2 {founders on} Ra2) 57... Qe5
$14 {and Black can still probably hold his position, because White's P plus is
not important because of the doubled pawns.}) 54. Rxa1 Kh7 55. Rd1 Rf6 $2 {
This is the next mistake! Black will lose the second P.} (55... Ra7 56. Kh1 (
56. Nb5 Ra2 57. Qxd6 Qg5 58. Qc7+ Kh6) 56... Ra6 {was still sufficient for
Black.}) 56. Nb5 $1 {>< d6} Qg3 (56... Qxe4 57. Nxd6 Qe5 58. Nc4 $18 {with a
healthy P up.}) 57. Nxd6 h4 (57... Nd3 58. Nf5 $1 (58. Qxd3 $2 {would have
fallen into the last trap after} Rf2 $1 $17) 58... gxf5 59. Qxd3 Rg6 60. Qe2
$18) 58. Nc4 Rf7 59. e5 Ra7 60. Qf2 Ra2 61. Rd7+ 1-0